000 00866cad a22001935a 4500
001 L153778
008 110830s2011 xxk f 000 0 eng d
035 _a(Sirsi) u153778
041 0 _aeng
110 2 _aUnited Kingdom
_bDepartment for Environment Food and Rural Affairs
245 0 0 _aConsultation on Government proposal to abolish the Inland Waterways Advisory Council
_h[electronic resource]
260 _aLondon
_bDEFRA
_c2011
520 _aSeeks view on the proposed abolition of the Inland Waterways Advisory Council. The consultation runs from 22 August 2011 to 14 November 2011.
590 _aKA
651 4 _aUnited Kingdom
_y
690 _aPROPERTY-INFRASTRUCTURE-WATER TRANSPORT AND PROTECTION INFRASTRUCTURE
856 4 0 _uhttps://www.defra.gov.uk/consult/files/110822-condoc-iwac.pdf
_zView the item free of charge at www.defra.gov.uk
942 _n0
999 _c112695
_d112695